Umrao Jan Ada / (Record no. 22751)
[ view plain ]
| 000 -LEADER | |
|---|---|
| fixed length control field | 00846nam a2200277 a 4500 |
| 001 - CONTROL NUMBER | |
| control field | 22751 |
| 003 - CONTROL NUMBER IDENTIFIER | |
| rucl marc code | BD-RjUL |
| 005 - DATE AND TIME OF LATEST TRANSACTION | |
| control field | 20211209000840.0 |
| 008 - FIXED-LENGTH DATA ELEMENTS--GENERAL INFORMATION | |
| fixed length control field | 140309s1996 ii 000 1 eng d |
| 020 ## - INTERNATIONAL STANDARD BOOK NUMBER | |
| International Standard Book Number | 8171673112 |
| 035 ## - SYSTEM CONTROL NUMBER | |
| System control number | (BD-RjUL) 22816 |
| 040 ## - CATALOGING SOURCE | |
| Original cataloging agency | DLC |
| Transcribing agency | DLC |
| Language of cataloging | eng |
| Modifying agency | BD-RjUL |
| 041 1# - LANGUAGE CODE | |
| Language code of text/sound track or separate title | eng |
| Language code of original | urd |
| 082 00 - DEWEY DECIMAL CLASSIFICATION NUMBER | |
| Classification number | 891.43934 |
| Edition number | 21 |
| Author mark and year | RUU 1996 |
| 100 1# - MAIN ENTRY--PERSONAL NAME | |
| Personal name | Ruswa, Mirza Mohammad Hadi, |
| Dates associated with a name | 1857-1931. |
| 9 (RLIN) | 70180 |
| 245 10 - TITLE STATEMENT | |
| Title | Umrao Jan Ada / |
| Statement of responsibility, etc. | Mirza Muhammad Hadi Rusva ; translated by David Matthews. |
| 260 ## - PUBLICATION, DISTRIBUTION, ETC. (IMPRINT) | |
| Place of publication, distribution, etc. | Calcutta : |
| Name of publisher, distributor, etc. | Rupa & Co., |
| Date of publication, distribution, etc. | 1996. |
| 300 ## - PHYSICAL DESCRIPTION | |
| Pagination | xvii, 207 p. ; |
| Size | 20 cm. |
| 500 ## - GENERAL NOTE | |
| General note | Novel. |
| 650 ## - SUBJECT ADDED ENTRY--TOPICAL TERM | |
| Topical term or geographic name as entry element | Urdu fiction Translations into English |
| 9 (RLIN) | 70181 |
| 700 1# - ADDED ENTRY--PERSONAL NAME | |
| Personal name | Matthews, David |
| Fuller form of name | (David John), |
| Dates associated with a name | 1942- |
| 942 ## - ADDED ENTRY ELEMENTS (KOHA) | |
| Source of classification or shelving scheme | Dewey Decimal Classification |
| Koha item type | Books |
| Lost status | Source of classification or shelving scheme | Damaged status | Not for loan | Collection code | Permanent Location | Current Location | Shelving location | Date acquired | Source of acquisition | Cost, normal purchase price | Total Checkouts | Full call number | Date last seen | Date checked out | Copy number | Koha item type |
|---|---|---|---|---|---|---|---|---|---|---|---|---|---|---|---|---|
| Dewey Decimal Classification | Fiction | Central Library, University of Rajshahi | Central Library, University of Rajshahi | 20/08/1998 | Ankur prakashani | 104.00 | 1 | 891.43934 RUU 1996 | 19/01/2020 | 02/01/2020 | C-3 | Books |